Statistics for Jefes de yokai watch (1-3+blasters)

Click here to take the quiz!

General Stats

  • This quiz has been taken 4 times
  • The average score is 9 of 98

Answer Stats

PistaRespuesta% Correct
YK1Babamandra
100%
YK1Bergantin
67%
YK1Mc Kraken
67%
YK1Termascino
67%
YK1Animanstruo
33%
YKBCapitan Rayo
33%
YK1Clipso
33%
YKBCotiterror
33%
YKBCremaligno
33%
YKBDevoralmas
33%
YKBDevoramonios
33%
YK3Diávolo
33%
YK1Estigio VI
33%
YK1Fantasmurai
33%
YK1Gargantúo
33%
YK2Gran Sabueso
33%
YK2Infinitio
33%
YK2Kalimera
33%
YKBMurmullamasa
33%
YK1Ojimandra
33%
YKBRobonyan 28
33%
YK2Rubeo J
33%
YK2Tripasqueleto
33%
YK2Argenta
0%
YK2Aurea
0%
YK2Aureosqueleto
0%
YK3Ballenato
0%
YK3Caballero Hueco
0%
YK3Cachaslote
0%
YK1Calarrupto
0%
YK1Caldewok
0%
YK3Camorro
0%
YK1Cantaderna
0%
YK2Capipalante
0%
YK3Capitán Botín
0%
YK2Capitán Penas
0%
YK3Carnicero
0%
YK1Cazamentires
0%
YK3Chatárrestein
0%
YK3Chef Ricote
0%
YKBChupatricio
0%
YK3Ciclonojo
0%
YK2Cicluracán
0%
YK1Demoniorco
0%
YK3Demoniorcólito
0%
YK2Diamanqueleto
0%
YK3Don Aureone
0%
YK3Doncella de la Ruina
0%
YK3Don Conspirazione
0%
YK3Don Crueleone
0%
YK1Dr. Majarov
0%
YK1Dr. Sintripas
0%
YK3Duocólito
0%
YK1Duoleta
0%
YKBDuque Lametodo
0%
YKBEmperador Rosa
0%
YK2Expresso
0%
YK3Flautiscólito
0%
YK3Flautista de Malmelín
0%
YK3Gamerro
0%
YK3Icarus
0%
YK3Iluminazén
0%
YK3Ilusionisto
0%
YKBIntelecto Iluminado
0%
YK1Jabalupo
0%
YK2Kabukio
0%
YK2Lady Démona
0%
YK2Lady Desdicha
0%
YK2Lady Espanto
0%
YK2Manazas
0%
YK2Manojo
0%
YK2Martillete
0%
YK2Meganyan
0%
YK2Mili
0%
YK3Necrocobra
0%
YK3No-bot
0%
YK3Nocturnia
0%
YK2Nulo
0%
YK3Paticio
0%
YK2Pili
0%
YK3Ray Baqueto
0%
YK2Retinado
0%
YKBRobonyan 3000
0%
YKBShogun Real
0%
YK3Supergerente
0%
YK1Taranturor
0%
YK1Terrormadura
0%
YK2Testructor
0%
YK3Topoderoso
0%
YK2Torbellóptico
0%
YK3Ultimísimo Nyanmurai
0%
YKBVueltodorado
0%
YKBVueltomai
0%
YK3Yopple-bot
0%
YKBZarpadorada
0%
YKBZarparroja
0%
YKBZazel
0%
YKBZazelirio
0%

Score Distribution

Percentile by Number Answered

Percent of People with Each Score

Your Score History

You have not taken this quiz